[Event "SR 3. liga A2 2010/2011"]
[Site "?"]
[Date "2011.01.30"]
[Round "7.2"]
[White "Kocak, Branislav"]
[Black "Strakac, Petr"]
[Result "0-1"]
[WhiteElo "1927"]
[BlackElo "2046"]
[PlyCount "102"]
[EventDate "2010.??.??"]
[WhiteTeam "Slovakia"]
[BlackTeam "II"]
[WhiteTeamCountry "SVK"]
[BlackTeamCountry "SVK"]

1. d4 f5 2. e4 fxe4 3. Nc3 Nf6 4. Bg5 e6 5. Nxe4 Be7 6. Nxf6+ Bxf6 7. Bxf6 Qxf6
8. Nf3 Nc6 9. c3 b6 10. Bd3 Bb7 11. Qe2 O-O-O 12. O-O-O Ne7 13. Ba6 Qf4+ 14.
Rd2 Rhf8 15. Bxb7+ Kxb7 16. Re1 Nd5 17. h3 Rf6 18. Ne5 d6 19. Nd3 Qf5 20. Qe4
Qxe4 21. Rxe4 c5 22. Rde2 c4 23. Ne1 Nf4 24. Rd2 Kc7 25. b3 b5 26. Kc2 Rdf8 27.
Re3 Kd7 28. Kb2 Rg6 29. Rg3 Rxg3 30. fxg3 Nh5 31. g4 Rf1 32. gxh5 Rxe1 33. Rf2
Ke7 34. Ka3 e5 35. dxe5 Rxe5 36. bxc4 bxc4 37. Kb4 Rc5 38. g4 a5+ 39. Ka3 Re5
40. Rf5 Rxf5 41. gxf5 Kf6 42. Ka4 d5 43. h6 gxh6 44. Kb5 Kxf5 45. a4 Ke4 46. h4
h5 47. Kxa5 d4 48. cxd4 c3 49. d5 Kxd5 50. Kb6 c2 51. a5 c1=Q 0-1

[Event "SR 3. liga A2 2010/2011"]
[Site "?"]
[Date "2011.01.30"]
[Round "7.2"]
[White "Kozinka, Roman"]
[Black "Krist, Milan"]
[Result "1-0"]
[WhiteElo "2049"]
[BlackElo "2004"]
[PlyCount "67"]
[EventDate "2010.??.??"]
[WhiteTeam "Slovakia"]
[BlackTeam "II"]
[WhiteTeamCountry "SVK"]
[BlackTeamCountry "SVK"]

1. e4 e6 2. d4 d5 3. Nd2 c5 4. Ngf3 Nc6 5. exd5 exd5 6. Bb5 Bd7 7. O-O Nxd4 8.
Nxd4 cxd4 9. Re1+ Be7 10. Qg4 g6 11. Qxd4 f6 12. Qxd5 Bxb5 13. Qxb5+ Qd7 14.
Qc4 Rc8 15. Qb3 Kf8 16. Nf3 Bc5 17. Be3 b6 18. Rad1 Qc7 19. Qe6 Rd8 20. Bxc5+
bxc5 21. Rxd8+ Qxd8 22. Qc6 Kf7 23. Qxc5 Ne7 24. Qxa7 Re8 25. Nd4 Kg8 26. Qa4
Qc8 27. h3 h5 28. c4 Kf7 29. Qb5 Qc7 30. c5 Rc8 31. Qc4+ Ke8 32. Qg8+ Kd7 33.
c6+ Nxc6 34. Qe6+ 1-0

[Event "SR 3. liga A2 2010/2011"]
[Site "?"]
[Date "2011.01.30"]
[Round "7.2"]
[White "Manak, Jozef"]
[Black "Kramarik, Peter"]
[Result "1-0"]
[WhiteElo "2032"]
[BlackElo "1989"]
[PlyCount "63"]
[EventDate "2010.??.??"]
[WhiteTeam "Slovakia"]
[BlackTeam "II"]
[WhiteTeamCountry "SVK"]
[BlackTeamCountry "SVK"]

1. e4 c5 2. Nf3 d6 3. d4 cxd4 4. Nxd4 Nf6 5. Nc3 a6 6. Be2 e5 7. Nb3 Be7 8. Bg5
b5 9. Bxf6 Bxf6 10. Nd5 Bb7 11. O-O O-O 12. c4 bxc4 13. Bxc4 Nd7 14. Rc1 Rc8
15. Qe2 a5 16. Ba6 Rb8 17. Bxb7 Rxb7 18. Qa6 Qa8 19. Qxd6 Bd8 20. Rc2 a4 21.
Nc5 Nxc5 22. Qxc5 Qb8 23. Rb1 Bb6 24. Nxb6 Rxb6 25. f3 h5 26. Qa5 Rb4 27. a3
Rd4 28. Qc7 Qb5 29. Rbc1 Rfd8 30. h3 h4 31. Qe7 f6 32. Rc7 1-0

[Event "SR 3. liga A2 2010/2011"]
[Site "?"]
[Date "2011.01.30"]
[Round "7.2"]
[White "Merva, Frantisek"]
[Black "Janko, Ladislav"]
[Result "0-1"]
[WhiteElo "2038"]
[BlackElo "2239"]
[PlyCount "174"]
[EventDate "2010.??.??"]
[WhiteTeam "Slovakia"]
[BlackTeam "II"]
[WhiteTeamCountry "SVK"]
[BlackTeamCountry "SVK"]

1. d4 g6 2. g3 Bg7 3. Bg2 d6 4. Nf3 Nc6 5. d5 Nb4 6. c4 c5 7. Nc3 Nf6 8. O-O
O-O 9. a3 Na6 10. Qc2 Nc7 11. e4 Nd7 12. Bf4 Rb8 13. a4 a6 14. Rab1 b5 15. cxb5
axb5 16. b4 bxa4 17. bxc5 Rxb1 18. Rxb1 Nxc5 19. Nxa4 N7a6 20. Nxc5 Nxc5 21.
Be3 Nd7 22. Nd4 Ne5 23. Nc6 Qd7 24. Bd4 Bb7 25. Nxe5 dxe5 26. Be3 Rc8 27. Qb3
Ba6 28. Qb6 Qa4 29. Qb2 Bf8 30. Ra1 Qb5 31. Qxb5 Bxb5 32. Rc1 Ra8 33. f3 Kg7
34. Rc2 Ra3 35. Kf2 Bd3 36. Rb2 f5 37. exf5 gxf5 38. f4 exf4 39. Bxf4 Kf7 40.
Rd2 Bg7 41. Bf3 Bd4+ 42. Kg2 Bc5 43. Be5 Kg6 44. Bb2 Rb3 45. Be5 Be3 46. Rb2
Ra3 47. Rb8 Ra2+ 48. Rb2 Rxb2+ 49. Bxb2 Bc5 50. Be5 Bc4 51. Bc3 Kf7 52. Be5 Ke8
53. Bh5+ Kf8 54. Bf3 Bd3 55. Kh3 Bg1 56. d6 e6 57. g4 Bb5 58. gxf5 exf5 59. Bd5
Bd7 60. Kg2 Be3 61. Kf3 Bc1 62. Kg3 Bg5 63. Kf3 Bh6 64. Kg3 Bg5 65. Kf3 Ke8 66.
Bd4 Ba4 67. Be6 Bc6+ 68. Kg3 Bd7 69. Bd5 Bd2 70. h4 Bc1 71. Bf6 Bd2 72. Bg5 Bb4
73. Bf4 Bc3 74. Bg8 h5 75. Bd5 Kf8 76. Bf3 Be8 77. Bd5 Bd7 78. Bf3 Be8 79. Bh6+
Bg7 80. Bxg7+ Kxg7 81. Bxh5 Bd7 82. Kf4 Kf6 83. Be2 Ke6 84. h5 Be8 85. h6 Kf6
86. Bh5 Bd7 87. Bg6 Kxg6 0-1

[Event "SR 3. liga A2 2010/2011"]
[Site "?"]
[Date "2011.01.30"]
[Round "7.2"]
[White "Meszaros, Lorant"]
[Black "Cechovic, Stefan"]
[Result "1/2-1/2"]
[WhiteElo "2076"]
[BlackElo "2190"]
[PlyCount "56"]
[EventDate "2010.??.??"]
[WhiteTeam "Slovakia"]
[BlackTeam "II"]
[WhiteTeamCountry "SVK"]
[BlackTeamCountry "SVK"]

1. d4 Nf6 2. Nf3 d6 3. c4 c6 4. Nc3 Bg4 5. e4 Nbd7 6. h3 Bxf3 7. Qxf3 e5 8. d5
c5 9. g4 a6 10. Be2 h6 11. h4 Be7 12. g5 hxg5 13. hxg5 Rxh1+ 14. Qxh1 Ng8 15.
Qh7 Kf8 16. Qf5 g6 17. Qg4 Kg7 18. Bd2 f6 19. gxf6+ Ngxf6 20. Qg2 Nh7 21. O-O-O
Bg5 22. Rg1 Bxd2+ 23. Kxd2 Qf6 24. Nd1 Rh8 25. Ne3 Kf7 26. Rh1 Nhf8 27. Rxh8
Qxh8 28. Bg4 Qh6 1/2-1/2

[Event "SR 3. liga A2 2010/2011"]
[Site "?"]
[Date "2011.01.30"]
[Round "7.2"]
[White "Skapikova, Lubica"]
[Black "Sefcik, Marek"]
[Result "0-1"]
[WhiteElo "1926"]
[BlackElo "2025"]
[PlyCount "186"]
[EventDate "2010.??.??"]
[WhiteTeam "Slovakia"]
[BlackTeam "II"]
[WhiteTeamCountry "SVK"]
[BlackTeamCountry "SVK"]

1. e4 c5 2. Nf3 e6 3. d3 Nc6 4. Be2 d6 5. O-O Be7 6. Be3 Nf6 7. Ne1 Nd4 8. c3
Nxe2+ 9. Qxe2 Qc7 10. Nd2 b6 11. f4 Bb7 12. a4 Rd8 13. f5 e5 14. Nef3 Ng4 15.
Rac1 Nxe3 16. Qxe3 Bc6 17. Ra1 Rb8 18. Nc4 b5 19. axb5 Bxb5 20. Na5 Qb6 21.
Rfb1 O-O 22. Nd2 h6 23. Nac4 Qc7 24. Qg3 Bg5 25. Qf3 Qe7 26. Ne3 Bc6 27. Ndc4
Bb5 28. Nd5 Qd7 29. Nde3 Bxe3+ 30. Qxe3 Bxc4 31. dxc4 f6 32. g4 Rb3 33. Qd2
Rfb8 34. Ra6 R3b6 35. Qd5+ Kh7 36. Ra2 Qb7 37. Qd3 Ra6 38. Rxa6 Qxa6 39. h4 Qa2
40. b4 cxb4 41. cxb4 Rc8 42. Rc1 Qb2 43. Rb1 Qd4+ 44. Qxd4 exd4 45. Kf2 Rxc4
46. Ke2 Rc3 47. Kf2 Re3 48. Re1 Rb3 49. Ra1 Rb2+ 50. Kf3 d3 51. Rxa7 d2 52. Ke2
Rxb4 53. Re7 Rd4 54. Kd1 Kg8 55. g5 hxg5 56. hxg5 fxg5 57. Re6 Kf7 58. Rg6 g4
59. Re6 g3 60. Rg6 Rxe4 61. Rxg3 Rd4 62. Rg6 d5 63. Re6 Re4 64. Rd6 Re5 65.
Kxd2 Rxf5 66. Ke3 Ke7 67. Rg6 Kf7 68. Rd6 g6 69. Kd4 Kg7 70. Ra6 Kh6 71. Ra1
Kg5 72. Rb1 Kf6 73. Rb6+ Kg7 74. Rb7+ Kh6 75. Rb1 g5 76. Rg1 Kh5 77. Rh1+ Kg6
78. Rg1 Kf6 79. Rg2 Rf4+ 80. Kxd5 Kf5 81. Rg1 Rf3 82. Kd4 Kf4 83. Rg2 g4 84.
Rh2 Rf1 85. Rh8 Rd1+ 86. Kc3 Kf3 87. Rf8+ Kg2 88. Kc2 Rd7 89. Rg8 g3 90. Kc3
Kf2 91. Rf8+ Kg1 92. Rg8 g2 93. Rf8 Rh7 0-1

[Event "SR 3. liga A2 2010/2011"]
[Site "?"]
[Date "2011.01.30"]
[Round "7.3"]
[White "Bahna, Jan"]
[Black "Lukac, Tomas"]
[Result "1/2-1/2"]
[WhiteElo "1975"]
[BlackElo "1980"]
[PlyCount "86"]
[EventDate "2010.??.??"]
[WhiteTeam "Slovakia"]
[BlackTeam "II"]
[WhiteTeamCountry "SVK"]
[BlackTeamCountry "SVK"]

1. e4 e5 2. Nf3 Nc6 3. Bb5 Nf6 4. O-O Nxe4 5. d4 Nd6 6. Bxc6 dxc6 7. dxe5 Nf5
8. Qxd8+ Kxd8 9. Nc3 Bd7 10. Bg5+ Kc8 11. Rad1 h6 12. Bc1 b6 13. b3 a5 14. Rd3
Be6 15. Rfd1 Be7 16. h3 h5 17. Ng5 Bxg5 18. Bxg5 c5 19. Ne2 c4 20. R3d2 cxb3
21. axb3 a4 22. Rd8+ Rxd8 23. Rxd8+ Kb7 24. Rxa8 Kxa8 25. bxa4 Bd7 26. g4 hxg4
27. hxg4 Nh6 28. f3 Bxa4 29. c3 Ng8 30. Kf2 c5 31. Ke3 Kb7 32. f4 g6 33. c4 Bd7
34. f5 gxf5 35. gxf5 Bxf5 36. Ng3 Be6 37. Ne4 Kc6 38. Kd3 Bf5 39. Ke3 Bxe4 40.
Kxe4 b5 41. cxb5+ Kxb5 42. Kd5 c4 43. e6 fxe6+ 1/2-1/2

[Event "SR 3. liga A2 2010/2011"]
[Site "?"]
[Date "2011.01.30"]
[Round "7.3"]
[White "Dvorsky, Jozef"]
[Black "Ujhelyi, Matus"]
[Result "0-1"]
[WhiteElo "2024"]
[BlackElo "2006"]
[PlyCount "136"]
[EventDate "2010.??.??"]
[WhiteTeam "Slovakia"]
[BlackTeam "II"]
[WhiteTeamCountry "SVK"]
[BlackTeamCountry "SVK"]

1. e4 e6 2. d4 d5 3. e5 c5 4. c3 Nc6 5. Nf3 Qb6 6. Bd3 cxd4 7. cxd4 Bd7 8. Bc2
Nge7 9. Nc3 a6 10. O-O Ng6 11. h4 Bb4 12. h5 Nge7 13. Ne2 Qc7 14. h6 g6 15. Bg5
Ng8 16. a3 Be7 17. Be3 Rc8 18. Qd2 f6 19. exf6 Nxf6 20. Ne5 Qb8 21. Nxd7 Kxd7
22. f3 Nh5 23. g4 Ng3 24. Nxg3 Qxg3+ 25. Qg2 Qxg2+ 26. Kxg2 Nxd4 27. Ba4+ Nc6
28. f4 b5 29. Bd1 Rhf8 30. Bf3 Na5 31. f5 Rc2+ 32. Kh1 gxf5 33. Bd4 Nb3 34. Bg7
Nxa1 35. Bxf8 Bxf8 36. gxf5 Nb3 37. fxe6+ Kxe6 38. Bd1 Rc1 39. Kg2 Bxh6 40. Rh1
Rxd1 41. Rxd1 Bd2 42. Kf2 h6 43. Ke2 Ke5 44. Kd3 Ba5 45. Rh1 Nc5+ 46. Ke2 Ne6
47. Rxh6 Bd8 48. Rh5+ Ke4 49. Rh6 Ke5 50. Rh5+ Bg5 51. Rh8 d4 52. Ra8 Nc7 53.
Rc8 Kd6 54. b3 Bf4 55. Kd3 Kd5 56. Rd8+ Bd6 57. b4 Ke5 58. Rh8 Ke6 59. Rh6+ Kd5
60. Rh8 Ne6 61. Ra8 Nf4+ 62. Kd2 Ke4 63. Rxa6 Be5 64. a4 Nd5 65. axb5 Bf4+ 66.
Ke1 d3 67. Ra1 d2+ 68. Kd1 Kd3 0-1

[Event "SR 3. liga A2 2010/2011"]
[Site "?"]
[Date "2011.01.30"]
[Round "7.3"]
[White "Kovarik, Oto"]
[Black "Gasa, Patrik"]
[Result "1-0"]
[WhiteElo "2025"]
[BlackElo "1706"]
[PlyCount "93"]
[EventDate "2010.??.??"]
[WhiteTeam "Slovakia"]
[BlackTeam "II"]
[WhiteTeamCountry "SVK"]
[BlackTeamCountry "SVK"]

1. e4 c5 2. Nf3 g6 3. d4 cxd4 4. Nxd4 Bg7 5. c4 Nc6 6. Nxc6 bxc6 7. Be2 Nf6 8.
Nc3 O-O 9. O-O Qc7 10. Be3 d6 11. Rc1 Ne8 12. Qd2 f5 13. Bd3 e5 14. f4 Be6 15.
Qc2 fxe4 16. Nxe4 Bf5 17. b3 Rd8 18. Ng5 Bxd3 19. Qxd3 Qe7 20. fxe5 dxe5 21.
Qe4 Rd6 22. Rxf8+ Bxf8 23. Re1 Nf6 24. Qh4 Rd3 25. Ne4 Nxe4 26. Qxe4 Qd6 27.
Bxa7 Rd2 28. Qxe5 Qxe5 29. Rxe5 Rxa2 30. Bc5 Ra5 31. Bd4 Rxe5 32. Bxe5 Kf7 33.
Kf2 Ke6 34. Bb8 Bg7 35. b4 Bc3 36. b5 cxb5 37. cxb5 Bd4+ 38. Kf3 Bb6 39. Ke4 h6
40. Bf4 h5 41. h3 Bd8 42. Be3 Kd6 43. b6 Kc6 44. Ke5 Kd7 45. Kd5 h4 46. Bf4 Kc8
47. Kc6 1-0

[Event "SR 3. liga A2 2010/2011"]
[Site "?"]
[Date "2011.01.30"]
[Round "7.3"]
[White "Kubis, Ivan"]
[Black "Kastler, Peter"]
[Result "0-1"]
[WhiteElo "1980"]
[BlackElo "1711"]
[PlyCount "50"]
[EventDate "2010.??.??"]
[WhiteTeam "Slovakia"]
[BlackTeam "II"]
[WhiteTeamCountry "SVK"]
[BlackTeamCountry "SVK"]

1. e4 e6 2. d4 d5 3. Nc3 dxe4 4. Nxe4 Nd7 5. Nf3 Ngf6 6. Bg5 Be7 7. Bxf6 Nxf6
8. Bd3 b6 9. Ne5 Qd5 10. Qe2 Bb7 11. f3 Qxd4 12. Bb5+ Kf8 13. Ng5 Qh4+ 14. g3
Qxg5 15. Bd3 Bd6 16. Nc4 Rd8 17. Nd2 Qe5 18. Ne4 Nxe4 19. fxe4 Qxb2 20. O-O Ke7
21. h3 Rd7 22. Kh2 Qe5 23. Qf3 Rf8 24. Rab1 f5 25. Rbe1 Rdd8 0-1

[Event "SR 3. liga A2 2010/2011"]
[Site "?"]
[Date "2011.01.30"]
[Round "7.3"]
[White "Lajda, Dusan"]
[Black "Manak, Adrian"]
[Result "0-1"]
[WhiteElo "1890"]
[BlackElo "1909"]
[PlyCount "66"]
[EventDate "2010.??.??"]
[WhiteTeam "Slovakia"]
[BlackTeam "II"]
[WhiteTeamCountry "SVK"]
[BlackTeamCountry "SVK"]

1. e4 e6 2. d4 d5 3. Nc3 Bb4 4. e5 Ne7 5. Nf3 c5 6. a3 cxd4 7. axb4 dxc3 8.
bxc3 Qc7 9. Bb2 Ng6 10. Qe2 Nc6 11. g3 Ngxe5 12. b5 Nxf3+ 13. Qxf3 Ne5 14. Qf4
f6 15. Qb4 Nc4 16. Bc1 Kf7 17. Be2 Bd7 18. O-O a6 19. Bxc4 Qxc4 20. Qd6 Bxb5
21. Ba3 Rhe8 22. Qb6 Qc6 23. Qd4 Bxf1 24. Rxf1 Rac8 25. Rb1 b5 26. Bb4 Rc7 27.
Ra1 e5 28. Qh4 Kg8 29. Qh5 g6 30. Qg4 Qe6 31. Qe2 d4 32. Rd1 dxc3 33. Rd6 Qc4
0-1

[Event "SR 3. liga A2 2010/2011"]
[Site "?"]
[Date "2011.01.30"]
[Round "7.3"]
[White "Liptak, Dusan"]
[Black "Szitasi, Janos"]
[Result "1/2-1/2"]
[WhiteElo "2086"]
[BlackElo "2020"]
[PlyCount "79"]
[EventDate "2010.??.??"]
[WhiteTeam "Slovakia"]
[BlackTeam "II"]
[WhiteTeamCountry "SVK"]
[BlackTeamCountry "SVK"]

1. Nf3 Nf6 2. c4 c5 3. d4 cxd4 4. Nxd4 Nc6 5. Nc3 g6 6. e4 d6 7. Be2 Bg7 8. Nb3
b6 9. Be3 O-O 10. O-O Bb7 11. f4 Nd7 12. Bf3 Nc5 13. g4 Rc8 14. g5 a5 15. Rc1
Nb4 16. Qd2 Bc6 17. Nd4 e5 18. Nxc6 Rxc6 19. f5 Re8 20. f6 Bf8 21. b3 Qc8 22.
Kg2 Nbd3 23. Rb1 Nf4+ 24. Bxf4 exf4 25. Qxf4 Re5 26. Bg4 Qe8 27. Kf3 h6 28. h4
h5 29. Bh3 Na6 30. Rbd1 Nc7 31. Rd3 Rcc5 32. Nd5 b5 33. Nxc7 Rxc7 34. cxb5 Qxb5
35. Rfd1 Rc2 36. R1d2 Rxa2 37. Qe3 Rxd2 38. Qxd2 Qb7 39. Qe3 d5 40. Rxd5 $11
1/2-1/2

[Event "SR 3. liga A2 2010/2011"]
[Site "?"]
[Date "2011.01.30"]
[Round "7.4"]
[White "Lanik, Miroslav"]
[Black "Jozefovic, Milan"]
[Result "1-0"]
[WhiteElo "1871"]
[BlackElo "1917"]
[PlyCount "63"]
[EventDate "2010.??.??"]
[WhiteTeam "Slovakia"]
[BlackTeam "II"]
[WhiteTeamCountry "SVK"]
[BlackTeamCountry "SVK"]

1. e4 e6 2. d4 d5 3. e5 c5 4. c3 Nc6 5. Nf3 c4 6. b3 b5 7. a4 Na5 8. Nbd2 b4 9.
Bb2 Qc7 10. Rc1 Ba6 11. Be2 Nh6 12. O-O Be7 13. bxc4 Bxc4 14. Nxc4 dxc4 15. d5
exd5 16. Qxd5 Rd8 17. Qb5+ Nc6 18. Bxc4 Rb8 19. Qd5 O-O 20. Bb5 Nd8 21. cxb4
Qb7 22. Qxb7 Rxb7 23. Bc3 Ne6 24. Bc6 Rc7 25. b5 Bd8 26. Nd4 Bg5 27. Rcd1 Nxd4
28. Bxd4 Nf5 29. Bc5 Be7 30. Bd6 Rcc8 31. Bd7 Nxd6 32. exd6 1-0

[Event "SR 3. liga A2 2010/2011"]
[Site "?"]
[Date "2011.01.30"]
[Round "7.4"]
[White "Lopatievov, Alexander"]
[Black "Puskas, Miroslav"]
[Result "1/2-1/2"]
[WhiteElo "1988"]
[BlackElo "1970"]
[PlyCount "60"]
[EventDate "2010.??.??"]
[WhiteTeam "Slovakia"]
[BlackTeam "II"]
[WhiteTeamCountry "SVK"]
[BlackTeamCountry "SVK"]

1. c4 c5 2. Nc3 Nc6 3. g3 g6 4. Bg2 Bg7 5. e3 e6 6. Nge2 Nge7 7. O-O O-O 8. d4
cxd4 9. exd4 d5 10. cxd5 Nxd5 11. Rb1 Nb6 12. Be3 Qe7 13. Qc1 Rd8 14. Rd1 Nd5
15. Bh6 Qf8 16. Bxg7 Qxg7 17. Nxd5 exd5 18. Qc5 Bf5 19. Rbc1 Be4 20. Nc3 Rac8
21. Nxe4 dxe4 22. d5 b6 23. Qe3 Ne7 24. Qxe4 Rxc1 25. Rxc1 Qxb2 26. Rd1 Qf6 27.
Qa4 a5 $11 28. Qb5 Kg7 29. a4 Nf5 30. Qc4 Rd6 1/2-1/2

[Event "SR 3. liga A2 2010/2011"]
[Site "?"]
[Date "2011.01.30"]
[Round "7.4"]
[White "Mihalik, Anton"]
[Black "Bjel, Tomas"]
[Result "1-0"]
[WhiteElo "1919"]
[BlackElo "1743"]
[PlyCount "63"]
[EventDate "2010.??.??"]
[WhiteTeam "Slovakia"]
[BlackTeam "II"]
[WhiteTeamCountry "SVK"]
[BlackTeamCountry "SVK"]

1. c4 e6 2. Nc3 Nf6 3. d4 d5 4. cxd5 Nxd5 5. g3 Bb4 6. Qb3 O-O 7. a3 Ba5 8. Nf3
Nc6 9. e3 Qf6 10. Bg2 Nxc3 11. bxc3 e5 12. O-O Qe6 13. d5 Qf6 14. dxc6 Qxc6 15.
Bb2 Be6 16. Qc2 Bd5 17. Nxe5 Qe6 18. Bxd5 Qxd5 19. c4 Qe6 20. Nf3 Rad8 21. Rad1
c5 22. Nh4 Bc7 23. Ng2 f5 24. Nf4 Bxf4 25. exf4 Rfe8 26. Qc3 Qg6 27. Rfe1 Re4
28. Rxe4 fxe4 29. Qe5 Re8 30. Qxc5 e3 31. fxe3 Qc2 32. Qd4 1-0

[Event "SR 3. liga A2 2010/2011"]
[Site "?"]
[Date "2011.01.30"]
[Round "7.4"]
[White "Szekely, Stefan"]
[Black "Liptak, Tomas"]
[Result "0-1"]
[WhiteElo "1976"]
[BlackElo "2073"]
[PlyCount "50"]
[EventDate "2010.??.??"]
[WhiteTeam "Slovakia"]
[BlackTeam "II"]
[WhiteTeamCountry "SVK"]
[BlackTeamCountry "SVK"]

1. c4 e5 2. Nc3 f5 3. d3 Nf6 4. Nf3 d6 5. g3 c6 6. Bg2 Be7 7. O-O Na6 8. Be3
O-O 9. Bg5 Qe8 10. Bxf6 Rxf6 11. e3 Rh6 12. h4 Qg6 13. Qe2 Bd7 14. Rfd1 Rf8 15.
b4 Bf6 16. Ng5 Bxg5 17. hxg5 Qxg5 18. a3 Nc7 19. d4 e4 20. d5 Be8 21. Qf1 Qh5
22. Qe1 Qh2+ 23. Kf1 Bh5 24. Ne2 Bf3 25. Nf4 Qh1+ 0-1

[Event "SR 3. liga A2 2010/2011"]
[Site "?"]
[Date "2011.01.30"]
[Round "7.4"]
[White "Takacs, Laszlo"]
[Black "Puobis, Jozef"]
[Result "1-0"]
[WhiteElo "1921"]
[BlackElo "1949"]
[PlyCount "63"]
[EventDate "2010.??.??"]
[WhiteTeam "Slovakia"]
[BlackTeam "II"]
[WhiteTeamCountry "SVK"]
[BlackTeamCountry "SVK"]

1. e4 d5 2. exd5 Nf6 3. d4 Nxd5 4. Nf3 Bf5 5. Bd3 Bxd3 6. Qxd3 c6 7. O-O e6 8.
c4 Nf6 9. Qb3 Qb6 10. Qa4 Nbd7 11. c5 Qd8 12. Nc3 Be7 13. Re1 O-O 14. Bg5 h6
15. Bh4 Nd5 16. Bxe7 Nxe7 17. Ne4 b5 18. Qb3 a5 19. a4 b4 20. Rad1 Nd5 21. Nd6
Qf6 22. Qc2 Rfb8 23. b3 Nc3 24. Rd3 Qf4 25. Nd2 Nf6 26. N2c4 Ng4 27. g3 Qg5 28.
h3 Nf6 29. Ne5 Rf8 30. Nxc6 Ra6 31. Ne7+ Kh8 32. Re5 1-0

[Event "SR 3. liga A2 2010/2011"]
[Site "?"]
[Date "2011.01.30"]
[Round "7.4"]
[White "Valla, Tomas"]
[Black "Hrubsa, Marian"]
[Result "1/2-1/2"]
[WhiteElo "1790"]
[BlackElo "1979"]
[PlyCount "100"]
[EventDate "2010.??.??"]
[WhiteTeam "Slovakia"]
[BlackTeam "II"]
[WhiteTeamCountry "SVK"]
[BlackTeamCountry "SVK"]

1. e4 e6 2. d4 d5 3. Nc3 Nf6 4. e5 Nfd7 5. f4 c5 6. Nf3 cxd4 7. Nxd4 Nc6 8. Be3
a6 9. Qd2 Bb4 10. a3 Qa5 11. Nb3 Bxc3 12. bxc3 Qc7 13. Qf2 b6 14. Bd3 Bb7 15.
O-O Ne7 16. Bd4 g6 17. a4 Nf5 18. Bxf5 gxf5 19. Nd2 Rb8 20. Rfb1 Bc6 21. c4 O-O
22. Ra3 Kh8 23. Nf3 Rg8 24. Ng5 Rg7 25. Rh3 Rbg8 26. Qh4 Nf8 27. Bxb6 Qe7 28.
Qf2 Qb7 29. a5 dxc4 30. Rb4 Qd7 31. Rxc4 Qd1+ 32. Qf1 Qxf1+ 33. Kxf1 Bb5 34.
Rhc3 Bxc4+ 35. Rxc4 h6 36. Nf3 Rxg2 37. Bf2 R2g6 38. Rc7 Nh7 39. c4 Ra8 40. c5
Rgg8 41. Ke2 Kg7 $11 42. Rc6 Rgc8 43. Rd6 Nf8 44. Nd2 Ng6 45. Kf3 Ne7 46. Nc4
Rc7 47. Nb6 Rb8 48. Ke2 Nc6 49. Be1 Ne7 50. Bf2 Nc6 1/2-1/2

[Event "SR 3. liga A2 2010/2011"]
[Site "?"]
[Date "2011.01.30"]
[Round "7.5"]
[White "Bilovsky, Milan"]
[Black "Palka, Martin"]
[Result "0-1"]
[WhiteElo "1918"]
[BlackElo "1855"]
[PlyCount "70"]
[EventDate "2010.??.??"]
[WhiteTeam "Slovakia"]
[BlackTeam "II"]
[WhiteTeamCountry "SVK"]
[BlackTeamCountry "SVK"]

1. e4 c5 2. Nf3 d6 3. d4 cxd4 4. Nxd4 Nf6 5. Nc3 a6 6. Be2 e6 7. Be3 Be7 8. O-O
O-O 9. f4 Qc7 10. Bf3 Nc6 11. a4 Bd7 12. Nb3 b6 13. Ne2 Rab8 14. c3 Rfe8 15. g4
Bc8 16. g5 Nd7 17. Ng3 Nc5 18. Nd4 Bf8 19. b4 Nd7 20. Rc1 Bb7 21. Qd2 g6 22. f5
Nce5 23. fxe6 fxe6 24. Be2 Nc4 25. Qa2 Nde5 26. Bf4 Bc8 27. Bxe5 Nxe5 28. Bxa6
Bxa6 29. Nxe6 Qc4 30. Rxf8+ Rxf8 31. Qxc4 Bxc4 32. Nxf8 Kxf8 33. Rd1 Ke7 34.
Kg2 Rf8 35. Rd4 Ra8 0-1

[Event "SR 3. liga A2 2010/2011"]
[Site "?"]
[Date "2011.01.30"]
[Round "7.5"]
[White "Klanica, Anton"]
[Black "Mackovic, Matus"]
[Result "0-1"]
[WhiteElo "1851"]
[BlackElo "1846"]
[PlyCount "84"]
[EventDate "2010.??.??"]
[WhiteTeam "Slovakia"]
[BlackTeam "II"]
[WhiteTeamCountry "SVK"]
[BlackTeamCountry "SVK"]

1. e4 c6 2. d4 d5 3. exd5 cxd5 4. c3 Bf5 5. Bb5+ Nc6 6. Qa4 Qb6 7. Nf3 a6 8.
Bxc6+ Qxc6 9. Qb3 e6 10. O-O Bd6 11. Bg5 h6 12. Bh4 Nf6 13. Bg3 Bxg3 14. fxg3
O-O 15. Nbd2 b5 16. a3 Rfc8 17. Ne5 Qc7 18. Qd1 a5 19. Nb3 b4 20. Nc5 bxc3 21.
bxc3 Qd6 22. Qd2 Rxc5 23. Nxf7 Kxf7 24. dxc5 Qxc5+ 25. Qd4 Rc8 26. Rf3 Qxd4+
27. cxd4 Rc4 28. Rb3 Rxd4 29. Rb7+ Kg6 30. Ra7 a4 31. Rb7 Rc4 32. Rb4 e5 33.
Rxc4 dxc4 34. Kf2 c3 35. Ke3 c2 36. h3 Kf7 37. Rf1 Ke6 38. g4 Bh7 39. Kd2 Ne4+
40. Kc1 Nc5 41. h4 Nb3+ 42. Kb2 c1=Q+ 0-1

[Event "SR 3. liga A2 2010/2011"]
[Site "?"]
[Date "2011.01.30"]
[Round "7.5"]
[White "Kosar, Mikulas ml"]
[Black "Kantor, Reka"]
[Result "1/2-1/2"]
[WhiteElo "1889"]
[BlackElo "2003"]
[PlyCount "20"]
[EventDate "2010.??.??"]
[WhiteTeam "Slovakia"]
[BlackTeam "II"]
[WhiteTeamCountry "SVK"]
[BlackTeamCountry "SVK"]

1. e4 e5 2. Nf3 Nc6 3. d4 exd4 4. Bc4 Qf6 5. O-O Bc5 6. Bg5 Qg6 7. e5 h6 8. Bf4
Nge7 9. a3 a6 10. Nbd2 d5 1/2-1/2

[Event "SR 3. liga A2 2010/2011"]
[Site "?"]
[Date "2011.01.30"]
[Round "7.5"]
[White "Krchnak, Rudolf"]
[Black "Nemsak, Denis"]
[Result "1-0"]
[WhiteElo "1886"]
[BlackElo "1791"]
[PlyCount "53"]
[EventDate "2010.??.??"]
[WhiteTeam "Slovakia"]
[BlackTeam "II"]
[WhiteTeamCountry "SVK"]
[BlackTeamCountry "SVK"]

1. d4 f5 2. g3 g6 3. Bg2 Bg7 4. Nf3 Nf6 5. O-O O-O 6. c4 d6 7. Nc3 Qe8 8. Re1
Na6 9. e4 fxe4 10. Nxe4 h6 11. Qb3 c5 12. Nxd6 Qd7 13. Nxc8 Raxc8 14. Be3 Ng4
15. Ne5 Nxe5 16. dxe5 Qf5 17. f4 Nb4 18. Re2 b6 19. a3 Nc6 20. Rd2 g5 21. Rad1
gxf4 22. gxf4 Qh5 23. Bd5+ Kh8 24. Rg2 Rcd8 25. Rdd2 Nd4 26. Bxd4 cxd4 27. Qg3
1-0

[Event "SR 3. liga A2 2010/2011"]
[Site "?"]
[Date "2011.01.30"]
[Round "7.5"]
[White "Sarmir, Milos"]
[Black "Kalmar, Tamas"]
[Result "1/2-1/2"]
[WhiteElo "2062"]
[BlackElo "1754"]
[PlyCount "154"]
[EventDate "2010.??.??"]
[WhiteTeam "Slovakia"]
[BlackTeam "II"]
[WhiteTeamCountry "SVK"]
[BlackTeamCountry "SVK"]

1. Nf3 Nf6 2. c4 g6 3. Nc3 Bg7 4. e4 d6 5. d4 O-O 6. Bd3 Bg4 7. h3 Bxf3 8. Qxf3
Nbd7 9. O-O e5 10. d5 Nc5 11. Bc2 a5 12. Be3 Na6 13. a3 Qd7 14. Rfd1 Ne8 15. b4
f5 16. b5 f4 17. bxa6 fxe3 18. Qxe3 Rxa6 19. Rab1 b6 20. Ba4 Qc8 21. Bc6 Nf6
22. Qe2 Ra7 23. Nb5 Ra6 24. Re1 Rf7 25. c5 bxc5 26. Rb2 Rb6 27. Na7 Qb8 28. Nb5
Nh5 29. Reb1 Qd8 30. Qd2 Qh4 31. Nxc7 Rxb2 32. Qxb2 Qxe4 33. Ne6 Nf4 34. f3
Qe3+ 35. Kh2 Nxe6 36. dxe6 Re7 37. Qb8+ Bf8 38. Qxd6 Re8 39. Qd5 Re7 40. Rb8
Qf4+ 41. g3 Qd4 42. Kg2 Qxd5 43. Bxd5 Kg7 44. Kf2 Rc7 45. Bc4 Ra7 46. Ke3 Bd6
47. Rg8+ Kf6 48. Ke4 Rb7 49. h4 Rb8 50. Rxb8 Bxb8 51. g4 Ke7 52. Kd5 h6 53. a4
g5 54. hxg5 hxg5 55. Kxc5 Bd6+ 56. Kd5 Bc7 57. Ke4 Bb6 58. Kxe5 Be3 59. Ke4 Bc1
60. Kd3 Bf4 61. Bd5 Kd6 62. Kc4 Ke7 63. Kb5 Bc7 64. Kc6 Bf4 65. Bc4 Be3 66. Kb5
Bd2 67. f4 gxf4 68. g5 f3 69. g6 Bc3 70. Kc5 f2 71. Kd5 Bb2 72. Bf1 Bc3 73. Bh3
Bb2 74. Bg2 Bc3 75. Bf1 Bb2 76. Bh3 Bc3 77. Kc4 Bb2 1/2-1/2